| 000 | 00834nam a2200241 i 4500 | ||
|---|---|---|---|
| 001 | bg | ||
| 245 | 0 | 0 |
_aGospodarka nieruchomościami : _bzbiór przepisów / _cwybór i wprow. Jerzy Dydenko. |
| 250 | _a2. wyd., stan prawny na 19 marca 2008 r. | ||
| 260 |
_aWarszawa : _bWolters Kluwer Polska, _c2008. |
||
| 300 |
_a848 s. pag. varia ; _c24 cm. |
||
| 650 | 9 |
_aNieruchomości _xgospodarka _xprawo _zPolska _ystan na 2008 r. |
|
| 700 | 1 |
_aDydenko, Jerzy. _eWybór |
|
| 015 | _aPB 12986/2008 | ||
| 020 | _a9788375269543 | ||
| 040 | _cBPK | ||
| 041 | _apol | ||
| 044 | _aPOL | ||
| 080 | _a347.235(438)(094.4) | ||
| 920 | _a978-83-7526-954-3 | ||
| 942 | _cKS | ||
| 008 | 090408s2008 pl f l |000 0 pol | ||
| 999 |
_c56225 _d56225 |
||
| 856 |
_uhttp://koha.tu.koszalin.pl/cgi-bin/koha/opac-detail.pl?biblionumber=56225 _yKatalog online BPK |
||